[Event "IV Open I Like Elo"]
[Site "Roma ITA"]
[Date "2009.05.06"]
[Round "1"]
[White "Tocco, Paolo"]
[Black "Sermoneta, Eugenio"]
[Result "1-0"]
[WhiteElo "2175"]
[BlackElo "1780"]
[PlyCount "31"]
[EventDate "2009.05.06"]

1. d4 Nf6 2. Nc3 e6 3. e4 Bb4 4. e5 Nd5 5. Qg4 g6 6. Bg5 Be7 7. Nf3 Nxc3 8.
bxc3 h6 9. Bd2 h5 10. Qf4 d6 11. Bd3 Nd7 12. O-O dxe5 13. dxe5 Nc5 14. Be2 Qd5
15. Rfe1 Qe4 16. Bb5+ 1-0

[Event "IV Open I Like Elo"]
[Site "Roma ITA"]
[Date "2009.05.13"]
[Round "2"]
[White "Caparrotta, Federico"]
[Black "Gatta, Flavio"]
[Result "1-0"]
[WhiteElo "1884"]
[BlackElo "1757"]
[PlyCount "29"]
[EventDate "2009.05.06"]

1. e4 Nf6 2. e5 Nd5 3. d4 d6 4. c4 Nb6 5. exd6 exd6 6. Bd3 Nc6 7. Ne2 Be7 8.
Be3 Bg4 9. f3 Bh4+ 10. Kf1 Bh5 11. Nbc3 O-O 12. b3 f5 13. Nf4 Bg5 14. Ne6 Qe7
15. Bxg5 1-0

[Event "IV Open I Like Elo"]
[Site "Roma ITA"]
[Date "2009.05.13"]
[Round "2"]
[White "Capitani, Roberto"]
[Black "Carotenuto, Piero"]
[Result "1/2-1/2"]
[WhiteElo "1596"]
[BlackElo "1724"]
[PlyCount "60"]
[EventDate "2009.05.06"]

1. e4 e5 2. Nf3 Nc6 3. Bb5 Nf6 4. O-O Nxe4 5. Bxc6 dxc6 6. Nxe5 Be7 7. b3 O-O
8. Na3 Bf6 9. d4 c5 10. Bb2 cxd4 11. Ng4 Bxg4 12. Qxg4 Re8 13. Rad1 c5 14. Rfe1
Nd6 15. Bc1 Qc8 16. Qg3 Ne4 17. Qd3 Nc3 18. Rxe8+ Qxe8 19. Rf1 Ne2+ 20. Kh1
Nxc1 21. Rxc1 Qe7 22. Nc4 Re8 23. g3 b5 24. Nb2 Qe4+ 25. Kg1 Qe2 26. a4 bxa4
27. Nxa4 Qe7 28. Nb2 Bg5 29. Rd1 Qe2 30. Nc4 Qe7 1/2-1/2

[Event "IV Open I Like Elo"]
[Site "Roma ITA"]
[Date "2009.05.13"]
[Round "2"]
[White "Felici, Ettore"]
[Black "Festa, Simone"]
[Result "1-0"]
[WhiteElo "1691"]
[BlackElo "1383"]
[PlyCount "89"]
[EventDate "2009.05.06"]

1. Nf3 g6 2. d4 Bg7 3. e3 d6 4. Nbd2 Nf6 5. Bd3 Be6 6. O-O Qd7 7. e4 Ng4 8. d5
Nxh2 9. Nxh2 Bh3 10. gxh3 Qxh3 11. Qg4 Qxg4+ 12. Nxg4 h5 13. Nh2 e5 14. f4 Nd7
15. f5 g5 16. Bb5 O-O-O 17. Bxd7+ Rxd7 18. f6 Bf8 19. Nb3 g4 20. Rf5 c6 21. Na5
c5 22. Kg2 b6 23. Nc6 a5 24. Kg3 c4 25. Be3 Kb7 26. a4 Rc7 27. Ra3 Ka6 28. Kh4
Rb7 29. Rc3 b5 30. axb5+ Kxb5 31. b3 cxb3 32. Rxb3+ Ka6 33. Rxb7 Kxb7 34. Nxa5+
Ka6 35. Nc6 Kb5 36. Nf1 Kc4 37. Nd8 Rh7 38. Rxh5 Rxh5+ 39. Kxh5 Kc3 40. Ne6
Kxc2 41. Nxf8 Kd3 42. Nh7 g3 43. Nxg3 Kxe3 44. Kg4 Kd4 45. Ng5 1-0

[Event "IV Open I Like Elo"]
[Site "Roma ITA"]
[Date "2009.05.13"]
[Round "2"]
[White "Foschini, Andrea"]
[Black "Bogosaljevic, Miodrag"]
[Result "0-1"]
[WhiteElo "1815"]
[BlackElo "2030"]
[PlyCount "76"]
[EventDate "2009.05.06"]

1. e4 c5 2. Nf3 d6 3. d4 cxd4 4. Nxd4 Nf6 5. Nc3 g6 6. Be3 Bg7 7. f3 O-O 8. Qd2
Nc6 9. Bc4 Bd7 10. O-O-O Rc8 11. Bb3 Ne5 12. h4 h5 13. Bg5 Nc4 14. Bxc4 Rxc4
15. Nce2 Qb6 16. Kb1 Rfc8 17. Be3 Qa6 18. b3 R4c7 19. c4 b5 20. cxb5 Bxb5 21.
Nxb5 Rc2 22. Qxc2 Rxc2 23. Kxc2 Qxa2+ 24. Kd3 Nd7 25. Bd4 Qxb3+ 26. Nbc3 Nc5+
27. Ke3 Bh6+ 28. Kf2 Qc4 29. Rb1 e5 30. Bxc5 Qxc5+ 31. Kg3 Bf4+ 32. Nxf4 exf4+
33. Kxf4 Qxc3 34. Rhd1 Qe5+ 35. Ke3 Qg3 36. Rb7 Qxg2 37. Rxd6 Qg1+ 38. Ke2 Qh2+
0-1

[Event "IV Open I Like Elo"]
[Site "Roma ITA"]
[Date "2009.05.13"]
[Round "2"]
[White "Gamberale, Francesco"]
[Black "Castillo, Juan"]
[Result "1-0"]
[WhiteElo "1434"]
[BlackElo "1686"]
[PlyCount "109"]
[EventDate "2009.05.06"]

1. d4 Nf6 2. c4 e5 3. dxe5 Ng4 4. Nf3 Nc6 5. Bf4 Bb4+ 6. Nbd2 Qe7 7. a3 Bxd2+
8. Qxd2 Ngxe5 9. Nxe5 Nxe5 10. e3 d6 11. Be2 Be6 12. c5 Rd8 13. cxd6 Rxd6 14.
Qc3 f6 15. Bxe5 fxe5 16. Qxe5 O-O 17. O-O Rd5 18. Qe4 Qf6 19. Bc4 c6 20. Bxd5
Bxd5 21. Qg4 b5 22. Qd4 Qg6 23. g3 Bf3 24. Rac1 Qe6 25. Qh4 Rf6 26. Rfd1 Qf5
27. Rd8+ Kf7 28. Qd4 Kg6 29. Qd7 Qg5 30. Rg8 Kh6 31. Rh8 Bg4 32. Qd3 Bf5 33. f4
Qg6 34. Qd4 Rd6 35. Qc5 Be4 36. Qg5+ Qxg5 37. fxg5+ Kxg5 38. Rg8 Kg6 39. Re8
Bf5 40. e4 Bd7 41. e5 Rd5 42. Re7 a5 43. e6 Bc8 44. Rxc6 Rd1+ 45. Kf2 Rd2+ 46.
Ke3 Rd8 47. Rcc7 Bxe6 48. Rxe6+ Kf5 49. Re4 Rd1 50. Rc5+ Kf6 51. Ke2 Rg1 52. g4
Rg2+ 53. Kf3 Rxb2 54. Rf5+ Kg6 55. Re6# 1-0

[Event "IV Open I Like Elo"]
[Site "Roma ITA"]
[Date "2009.05.13"]
[Round "2"]
[White "Gerlando, Onofrio"]
[Black "Ruotolo, Claudio"]
[Result "0-1"]
[WhiteElo "1642"]
[BlackElo "1781"]
[PlyCount "68"]
[EventDate "2009.05.06"]

1. e4 e5 2. Nf3 Nc6 3. d4 exd4 4. Nxd4 Qh4 5. Nc3 Bb4 6. Qd3 Nf6 7. Nf5 Qxe4+
8. Qxe4+ Nxe4 9. Bd2 Nxd2 10. Kxd2 O-O 11. Bb5 d5 12. Bxc6 bxc6 13. Ne7+ Bxe7
14. Rhe1 Bb4 15. a3 Bxc3+ 16. Kxc3 Be6 17. h3 c5 18. b3 Rfe8 19. Rg1 Rad8 20.
g4 d4+ 21. Kd2 c4 22. b4 Bd5 23. f4 c3+ 24. Kc1 Re2 25. Rd1 Be4 26. Ra2 d3 27.
a4 d2+ 28. Kb1 Re1 29. Ra3 Rxd1+ 30. Ka2 Ra1+ 31. Kb3 Rxa3+ 32. Kc4 Bxc2 33. a5
d1=Q 34. Kc5 Qd5# 0-1

[Event "IV Open I Like Elo"]
[Site "Roma ITA"]
[Date "2009.05.13"]
[Round "2"]
[White "Maggi, Fabrizio"]
[Black "Nassetti, Francesco"]
[Result "1-0"]
[WhiteElo "2053"]
[BlackElo "1843"]
[PlyCount "120"]
[EventDate "2009.05.06"]

1. c4 e6 2. Nc3 Nf6 3. e4 Bb4 4. e5 Ng8 5. Qg4 g6 6. d4 d6 7. Nf3 Nc6 8. Bg5
Qd7 9. Be2 b6 10. h4 h5 11. Qf4 Bb7 12. O-O Bxc3 13. bxc3 Nce7 14. a4 Nf5 15.
a5 Nge7 16. axb6 cxb6 17. Bf6 Rf8 18. Ng5 Qc6 19. Bf3 d5 20. Nh7 Qxc4 21. Nxf8
Kxf8 22. Qd2 a5 23. Rfb1 Qc7 24. Qb2 Nc8 25. Be2 Nfe7 26. Qd2 Nf5 27. Bd3 Nce7
28. Qb2 Nc8 29. Bxf5 exf5 30. Qb3 Qc4 31. Qa3+ Kg8 32. Qc1 Kh7 33. Qa3 Kg8 34.
Qa4 Qxa4 35. Rxa4 Ba6 36. Bd8 Bd3 37. Rb2 Ra6 38. f3 Bc4 39. g4 fxg4 40. fxg4
hxg4 41. Rg2 Bb3 42. Ra1 a4 43. Rxg4 Kf8 44. h5 gxh5 45. Rh4 b5 46. Rxh5 Rg6+
47. Kf2 Ke8 48. Bf6 Nb6 49. Rh8+ Kd7 50. Rd8+ Kc6 51. Rf8 Kd7 52. Rxf7+ Kc6 53.
Bd8 Nd7 54. Rg1 Rxg1 55. Kxg1 a3 56. Rf1 Bc2 57. Ra1 Nb6 58. Bxb6 Kxb6 59. Rxa3
Bf5 60. Kf2 b4 1-0

[Event "IV Open I Like Elo"]
[Site "Roma ITA"]
[Date "2009.05.13"]
[Round "2"]
[White "Maggi, Luigi"]
[Black "Casella, Carlo"]
[Result "1-0"]
[WhiteElo "1876"]
[BlackElo "1607"]
[PlyCount "71"]
[EventDate "2009.05.06"]

1. c4 e5 2. Nc3 Nf6 3. Nf3 d6 4. d4 exd4 5. Nxd4 Be7 6. e4 Bd7 7. Be2 Nc6 8.
Be3 O-O 9. O-O Nxd4 10. Bxd4 Bc6 11. Qc2 h6 12. b4 a6 13. a4 Bd7 14. f3 Be6 15.
Rac1 c6 16. Rfd1 Qc7 17. a5 c5 18. Nd5 Bxd5 19. cxd5 Qd7 20. bxc5 dxc5 21. Bf2
Rfc8 22. Qd2 Ne8 23. e5 Bf8 24. f4 g6 25. d6 Ng7 26. Bxc5 h5 27. Bb6 Ne6 28.
Bf3 Bh6 29. g3 Rxc1 30. Rxc1 Rc8 31. Bd5 Nd8 32. Rc7 Rxc7 33. dxc7 Nc6 34. Qa2
Kf8 35. Bc5+ Ke8 36. Bxf7+ 1-0

[Event "IV Open I Like Elo"]
[Site "Roma ITA"]
[Date "2009.05.13"]
[Round "2"]
[White "Mazza, Maurizio"]
[Black "De Maria, Isaia"]
[Result "0-1"]
[WhiteElo "1697"]
[BlackElo "1884"]
[PlyCount "60"]
[EventDate "2009.05.06"]

1. e4 c5 2. c3 Nf6 3. e5 Nd5 4. d4 cxd4 5. cxd4 Nc6 6. Bc4 Nb6 7. Bb3 d6 8. Nf3
dxe5 9. Ng5 e6 10. Qf3 Qc7 11. O-O Nxd4 12. Qh3 Ne2+ 13. Kh1 Nxc1 14. Nc3 Nxb3
15. axb3 Bb4 16. Nb5 Qd8 17. Qg4 Be7 18. Rfd1 Nd5 19. Ne4 O-O 20. Rd3 Qb6 21.
Rg3 g6 22. Nbc3 Nxc3 23. bxc3 f5 24. Qh5 Bf6 25. Rxg6+ hxg6 26. Qxg6+ Bg7 27.
Ng5 Rf6 28. Qe8+ Bf8 29. Qh5 Qc7 30. Ra4 Rh6 0-1

[Event "IV Open I Like Elo"]
[Site "Roma ITA"]
[Date "2009.05.13"]
[Round "2"]
[White "Pala, Giorgio"]
[Black "Mulas, Icaro"]
[Result "1-0"]
[WhiteElo "1983"]
[BlackElo "1815"]
[PlyCount "95"]
[EventDate "2009.05.06"]

1. e4 c5 2. Nf3 d6 3. d4 cxd4 4. Nxd4 Nf6 5. Nc3 g6 6. Be3 Bg7 7. f3 Nc6 8. Bc4
O-O 9. Qd2 Bd7 10. O-O-O Na5 11. Bb3 Rc8 12. h4 Nxb3+ 13. Nxb3 b5 14. h5 b4 15.
Ne2 a5 16. hxg6 fxg6 17. Kb1 Qc7 18. Nf4 e6 19. g4 Rf7 20. Rh2 Bf8 21. Rdh1 Re7
22. g5 Ne8 23. Nxg6 hxg6 24. Bb6 Qxc2+ 25. Qxc2 Rxc2 26. Rh8+ Kf7 27. Kxc2 a4
28. Na5 Bb5 29. R1h7+ Ng7 30. b3 e5 31. Bd8 Rd7 32. Bf6 Rc7+ 33. Kd2 axb3 34.
axb3 Ra7 35. Nc4 Ra2+ 36. Ke3 Bxc4 37. bxc4 Ra3+ 38. Ke2 Ra7 39. Kd3 Rc7 40.
Rxf8+ Kxf8 41. Rxg7 Rxg7 42. Bxg7+ Kxg7 43. Kc2 Kf7 44. Kb3 Ke6 45. Kxb4 Kd7
46. Kb5 Kc7 47. c5 Kd7 48. Kb6 1-0

[Event "IV Open I Like Elo"]
[Site "Roma ITA"]
[Date "2009.05.13"]
[Round "2"]
[White "Pipitone, Filippo Massimo"]
[Black "Colantonio, Marco"]
[Result "0-1"]
[WhiteElo "1468"]
[BlackElo "1692"]
[PlyCount "44"]
[EventDate "2009.05.06"]

1. e4 d6 2. d4 Nf6 3. Nc3 g6 4. f4 Bg4 5. Be2 Bxe2 6. Qxe2 Bg7 7. Nf3 O-O 8.
O-O Nbd7 9. Be3 Ng4 10. Bd2 c5 11. d5 a6 12. a4 f5 13. Ng5 Qb6 14. Ne6 Bd4+ 15.
Nxd4 cxd4 16. exf5 dxc3+ 17. Kh1 cxd2 18. Qxg4 Rxf5 19. b4 Qxb4 20. Rab1 Qxa4
21. Rxb7 Raf8 22. g3 Qe4+ 0-1

[Event "IV Open I Like Elo"]
[Site "Roma ITA"]
[Date "2009.05.13"]
[Round "2"]
[White "Quimi, Marco"]
[Black "Scagliarini, Bruno"]
[Result "1-0"]
[WhiteElo "2242"]
[BlackElo "1925"]
[PlyCount "59"]
[EventDate "2009.05.06"]

1. d4 Nf6 2. Nf3 e6 3. Bf4 c5 4. e3 Qb6 5. Qc1 Nc6 6. c3 Be7 7. Nbd2 d5 8. h3
Bd7 9. Bd3 Rc8 10. O-O O-O 11. Qb1 h6 12. Ne5 cxd4 13. exd4 Nxe5 14. dxe5 Ne8
15. a4 a5 16. Nf3 Nc7 17. Qc1 Na6 18. Bxh6 Nc5 19. Be3 Qc7 20. Bc2 Ne4 21. Bd4
b5 22. axb5 Bxb5 23. Re1 Nc5 24. Qe3 Bc4 25. Bxc5 Bxc5 26. Qf4 f5 27. Ng5 Rfe8
28. b3 Bb5 29. Qh4 g6 30. Rxa5 1-0

[Event "IV Open I Like Elo"]
[Site "Roma ITA"]
[Date "2009.05.13"]
[Round "2"]
[White "Roberti, Bruno"]
[Black "Napoli, Nicolo'"]
[Result "0-1"]
[WhiteElo "1969"]
[BlackElo "2353"]
[PlyCount "84"]
[EventDate "2009.05.06"]

1. e4 Nc6 2. Nf3 d5 3. exd5 Qxd5 4. d4 e5 5. Be3 Bg4 6. Nc3 Bb4 7. Be2 exd4 8.
O-O Bxc3 9. bxc3 Nf6 10. cxd4 O-O 11. c4 Qf5 12. d5 Bxf3 13. Bxf3 Ne5 14. Be2
Rad8 15. Qb3 b6 16. h3 Ne4 17. Rad1 Rd6 18. Bd4 Rg6 19. Bxe5 Qxe5 20. Bd3 Nc5
21. Qc2 f5 22. Rfe1 Qf4 23. Bf1 Qh4 24. Qc3 Ne4 25. Qe3 Ng5 26. Kh1 f4 27. Qe7
Qxf2 28. Re2 Qg3 29. Rde1 Nf3 30. Qxf8+ Kxf8 31. Re8+ Kf7 32. R1e7+ Kf6 33.
Re6+ Kg5 34. gxf3 Rxe6 35. Rxe6 Qxf3+ 36. Kg1 Qg3+ 37. Kh1 Qf2 38. Re5+ Kh4 39.
Bg2 f3 40. Re4+ Kh5 41. Rg4 fxg2+ 42. Rxg2 Qf1+ 0-1

[Event "IV Open I Like Elo"]
[Site "Roma ITA"]
[Date "2009.05.13"]
[Round "2"]
[White "Salvo, Ivano"]
[Black "Simeone, Giulio"]
[Result "0-1"]
[WhiteElo "1518"]
[BlackElo "1970"]
[PlyCount "56"]
[EventDate "2009.05.06"]

1. e4 c6 2. d4 d5 3. Nc3 dxe4 4. Nxe4 Nf6 5. Nxf6+ exf6 6. Nf3 Bd6 7. Be3 O-O
8. Qd2 Re8 9. Be2 Bg4 10. O-O-O Nd7 11. h3 Be6 12. Kb1 b5 13. Ne1 b4 14. Nd3
Qa5 15. Nc1 Nb6 16. Nb3 Bxb3 17. axb3 Nd5 18. Qd3 Qc7 19. c4 bxc3 20. bxc3 Qa5
21. Rc1 Rab8 22. c4 Qa3 23. Bd1 Nb4 24. Qd2 c5 25. d5 Be5 26. Rc3 Bxc3 27. Qxc3
Qa2+ 28. Kc1 Qa6 0-1

[Event "IV Open I Like Elo"]
[Site "Roma ITA"]
[Date "2009.05.13"]
[Round "2"]
[White "Vannelli, Vittorio"]
[Black "Tocco, Paolo"]
[Result "0-1"]
[WhiteElo "1847"]
[BlackElo "2175"]
[PlyCount "54"]
[EventDate "2009.05.06"]

1. e4 Nc6 2. f4 d5 3. exd5 Qxd5 4. Nc3 Qa5 5. Nf3 Bg4 6. Be2 O-O-O 7. d3 h6 8.
Ne5 Nxe5 9. Bxg4+ Nxg4 10. Qxg4+ e6 11. Bd2 Nf6 12. Qf3 Bb4 13. O-O Nd5 14. a3
Qc5+ 15. Kh1 Bxc3 16. bxc3 f5 17. Rfe1 Rde8 18. Re5 Qb6 19. Rae1 Qb2 20. c4
Qxc2 21. cxd5 Qxd2 22. dxe6 Re7 23. Qd5 Rd8 24. Qc5 Rd6 25. Qxa7 Ra6 26. Qc5
Rd6 27. Rc1 Rc6 0-1

[Event "IV Open I Like Elo"]
[Site "Roma ITA"]
[Date "2009.05.13"]
[Round "2"]
[White "Zacchia, Marco"]
[Black "Castelfranchi, Carlo"]
[Result "0-1"]
[WhiteElo "1487"]
[BlackElo "2082"]
[PlyCount "50"]
[EventDate "2009.05.06"]

1. d4 Nf6 2. Nf3 g6 3. g3 Bg7 4. Bg2 O-O 5. O-O d5 6. c3 c5 7. Nbd2 Nc6 8. Re1
Ne4 9. e3 Qc7 10. Nxe4 dxe4 11. Nd2 f5 12. Qb3+ Kh8 13. Bf1 Na5 14. Qd1 Rd8 15.
Nb3 cxd4 16. Nxa5 dxc3 17. Qc2 Qxa5 18. b3 Be6 19. Be2 Rd2 20. Bxd2 cxd2 21.
Red1 Bxa1 22. Rxa1 Rc8 23. Qb2+ Qc3 24. Rb1 Qxb2 25. Rxb2 Rc1+ 0-1

[Event "IV Open I Like Elo"]
[Site "Roma ITA"]
[Date "2009.05.20"]
[Round "3"]
[White "Barbieri, Massimiliano"]
[Black "Mazza, Maurizio"]
[Result "1-0"]
[WhiteElo "1302"]
[BlackElo "1697"]
[PlyCount "99"]
[EventDate "2009.05.06"]

1. e4 e5 2. d4 exd4 3. Qxd4 Nc6 4. Qd1 Bc5 5. Bd3 d6 6. Nf3 Bg4 7. O-O Ne5 8.
Be2 Nf6 9. Nc3 h5 10. Bg5 Qe7 11. Bxf6 Qxf6 12. Nd5 Qd8 13. Nxe5 dxe5 14. Bxg4
hxg4 15. Qxg4 Qd6 16. Qxg7 O-O-O 17. Qf6 Qf8 18. h3 Kb8 19. Qxe5 Bd6 20. Qf5
Re8 21. Nf6 Qg7 22. Nxe8 Rxe8 23. Rad1 Re5 24. Rxd6 cxd6 25. Qd7 Qf6 26. f3 Rc5
27. c3 Rg5 28. Rd1 Rg6 29. Rd4 Qg5 30. g4 Qc1+ 31. Kg2 Qxb2+ 32. Kg3 Qxc3 33.
Qe8+ Qc8 34. Qxf7 Rh6 35. Rc4 Qd8 36. Kg2 a6 37. Rb4 b5 38. Qf4 Qh4 39. Qg3 Qg5
40. Rd4 Qc5 41. Rd2 Qc7 42. Qf4 Re6 43. h4 Qe7 44. Qe3 Kb7 45. Qg5 Qd7 46. Qd5+
Kb6 47. e5 Rh6 48. Qxd6+ Rxd6 49. Rxd6+ Qxd6 50. exd6 1-0

[Event "IV Open I Like Elo"]
[Site "Roma ITA"]
[Date "2009.05.20"]
[Round "3"]
[White "Bogosaljevic, Miodrag"]
[Black "Quimi, Marco"]
[Result "0-1"]
[WhiteElo "2030"]
[BlackElo "2242"]
[PlyCount "110"]
[EventDate "2009.05.06"]

1. d4 d5 2. Nf3 Bf5 3. c4 e6 4. e3 c6 5. Bd3 Nf6 6. Nc3 Be7 7. O-O Bxd3 8. Qxd3
Nbd7 9. Re1 O-O 10. h3 Qc7 11. cxd5 exd5 12. Bd2 Rfe8 13. Rac1 Rad8 14. a3 Qb8
15. Re2 Bd6 16. e4 dxe4 17. Nxe4 Nxe4 18. Rxe4 Rxe4 19. Qxe4 Nf6 20. Qh4 Nd5
21. Ne5 f6 22. Nf3 Re8 23. Qg4 Qc8 24. Qxc8 Rxc8 25. Re1 Rd8 26. Kf1 Bc7 27.
Be3 Kf7 28. Nd2 Re8 29. Nc4 h5 30. Bd2 Rd8 31. Bc3 Nf4 32. Nd2 Bb6 33. Nf3 g5
34. Re4 Nd5 35. g3 Kg6 36. Ke2 Kf5 37. Kd3 c5 38. g4+ Kg6 39. gxh5+ Kf5 40. Rg4
Nf4+ 41. Kc4 Nxh3 42. Rg2 cxd4 43. Bxd4 Rc8+ 44. Kb4 Bxd4 45. Nxd4+ Ke5 46.
Nf3+ Kf4 47. Rh2 Kxf3 48. Rxh3+ Kxf2 49. h6 g4 50. Rh4 f5 51. h7 Rh8 52. Kc3
Kg3 53. Rh5 f4 54. Kd2 f3 55. Ke1 Kg2 0-1

[Event "IV Open I Like Elo"]
[Site "Roma ITA"]
[Date "2009.05.20"]
[Round "3"]
[White "Carotenuto, Piero"]
[Black "Granitto, Francesco"]
[Result "1-0"]
[WhiteElo "1724"]
[BlackElo "1416"]
[PlyCount "97"]
[EventDate "2009.05.06"]

1. e4 e5 2. Nf3 Nc6 3. Bb5 Nf6 4. O-O Be7 5. Re1 O-O 6. Bxc6 bxc6 7. Nxe5 Bc5
8. d3 Bd6 9. Nc4 Bc5 10. Be3 Bb6 11. Nxb6 cxb6 12. Nd2 d6 13. Bf4 d5 14. e5 Ne8
15. Qf3 Nc7 16. d4 Ne6 17. Be3 Ng5 18. Qg3 f6 19. Bxg5 fxg5 20. Qe3 Be6 21. Rf1
Rf5 22. f4 g4 23. g3 h5 24. Qe2 Qe8 25. Qd3 Qd7 26. a4 Kf7 27. a5 b5 28. Nb3
Rh8 29. Nc5 Qe8 30. b3 h4 31. Kg2 Rh6 32. a6 Qh8 33. Rh1 g6 34. Nxe6 Kxe6 35.
c4 Rfh5 36. cxd5+ Kxd5 37. Qc3 Qf8 38. Rac1 h3+ 39. Kf2 g5 40. Qc5+ Qxc5 41.
Rxc5+ Kxd4 42. Rhc1 gxf4 43. gxf4 Rf5 44. Kg3 Ke4 45. Rxc6 Rxc6 46. Rxc6 Rxf4
47. e6 Kf5 48. Rc5+ Ke4 49. e7 1-0

[Event "IV Open I Like Elo"]
[Site "Roma ITA"]
[Date "2009.05.20"]
[Round "3"]
[White "Castelfranchi, Carlo"]
[Black "De Maria, Isaia"]
[Result "1/2-1/2"]
[WhiteElo "2082"]
[BlackElo "1884"]
[PlyCount "128"]
[EventDate "2009.05.06"]

1. e4 c5 2. Nf3 Nc6 3. d4 cxd4 4. Nxd4 g6 5. Nc3 Bg7 6. Be3 Nf6 7. Nxc6 bxc6 8.
e5 Ng8 9. f4 Nh6 10. Qd2 d5 11. exd6 Qxd6 12. O-O-O Qxd2+ 13. Rxd2 Bxc3 14.
bxc3 Be6 15. Ba6 Rd8 16. Rxd8+ Kxd8 17. Bd4 Rg8 18. Be5 Nf5 19. Rd1+ Nd6 20. c4
c5 21. Bxd6 exd6 22. Rxd6+ Kc7 23. Rd3 Rd8 24. a4 Rd6 25. Bb5 Rd8 26. a5 Rd6
27. Kb2 Rd8 28. Kb3 Rd6 29. Ka4 Rd8 30. Ba6 Rb8 31. Rb3 Bd7+ 32. Ka3 Bc6 33.
Rxb8 Kxb8 34. g3 Kc7 35. Bb5 Be4 36. Be8 f6 37. Ba4 a6 38. Kb3 g5 39. fxg5 fxg5
40. Kc3 Kd6 41. Kd2 Ke5 42. c3 Bb7 43. Ke3 h6 44. Bd7 Kd6 45. Bg4 Ke5 46. Bh5
Bc6 47. Bd1 Bb7 48. Ba4 Kd6 49. Be8 Ke5 50. Bd7 Kd6 51. Bf5 Ke5 52. Bg4 Kf6 53.
h4 Ke5 54. hxg5 hxg5 55. Bd7 Kd6 56. Be8 Ke5 57. Bh5 Kf6 58. Be8 Ke7 59. Bh5
Kf6 60. Bf3 Bxf3 61. Kxf3 Kf5 62. g4+ Kf6 63. Ke4 Ke6 64. Kf3 Kf6 1/2-1/2

[Event "IV Open I Like Elo"]
[Site "Roma ITA"]
[Date "2009.05.20"]
[Round "3"]
[White "Colantonio, Marco"]
[Black "Caparrotta, Federico"]
[Result "1/2-1/2"]
[WhiteElo "1692"]
[BlackElo "1884"]
[PlyCount "76"]
[EventDate "2009.05.06"]

1. e4 c6 2. d4 d5 3. exd5 cxd5 4. c4 Nf6 5. Nc3 e6 6. a3 Be7 7. Nf3 O-O 8. c5
b6 9. b4 a5 10. Bb2 axb4 11. axb4 Rxa1 12. Qxa1 bxc5 13. bxc5 Nc6 14. Be2 Bb7
15. O-O Qd7 16. Bb5 Ra8 17. Qb1 Qc7 18. Ne2 Qa5 19. Bc3 Qa3 20. Bxc6 Bxc6 21.
Ne5 Qa6 22. Nxc6 Qxc6 23. f3 Nd7 24. Qc2 e5 25. Rc1 Rc8 26. Kf1 exd4 27. Nxd4
Qxc5 28. Nf5 Bg5 29. Re1 d4 30. Nxd4 Nf8 31. Ne2 Qc4 32. Qf5 Ne6 33. Qe4 Qxe4
34. fxe4 Rc4 35. e5 g6 36. Rb1 Be3 37. Rd1 h5 38. Rd3 Bc5 1/2-1/2

[Event "IV Open I Like Elo"]
[Site "Roma ITA"]
[Date "2009.05.20"]
[Round "3"]
[White "Gamberale, Francesco"]
[Black "Sellitto, Pietro"]
[Result "1-0"]
[WhiteElo "1434"]
[BlackElo "1485"]
[PlyCount "39"]
[EventDate "2009.05.06"]

1. d4 g6 2. e4 c5 3. Be3 Bg7 4. Nf3 Nf6 5. Ng5 cxd4 6. Bxd4 O-O 7. Qf3 Nc6 8.
Bc3 d6 9. Nd2 Bg4 10. Qg3 Qd7 11. f3 Be6 12. h4 Nh5 13. Qh2 Bxc3 14. bxc3 Na5
15. g4 Ng7 16. h5 Nxh5 17. gxh5 f6 18. Nxh7 Rf7 19. hxg6 Rg7 20. Nxf6+ 1-0

[Event "IV Open I Like Elo"]
[Site "Roma ITA"]
[Date "2009.05.20"]
[Round "3"]
[White "Gargiulo, Mariano"]
[Black "Salvo, Ivano"]
[Result "0-1"]
[WhiteElo "1863"]
[BlackElo "1518"]
[PlyCount "82"]
[EventDate "2009.05.06"]

1. e4 d5 2. exd5 Qxd5 3. Nf3 Nf6 4. Nc3 Qa5 5. d4 c6 6. Bd2 Bg4 7. h3 Qh5 8.
Be2 e6 9. Bf4 Nbd7 10. O-O Bf5 11. Ne5 Qh4 12. Bg3 Qg5 13. Nf3 Qg6 14. Nh4 Qg5
15. Nxf5 Qxf5 16. Bd3 Qg5 17. Ne4 Nxe4 18. Bxe4 Nf6 19. Bf3 O-O-O 20. c3 Bd6
21. Bxd6 Rxd6 22. a4 Rhd8 23. Qe2 Nd5 24. Bxd5 Rxd5 25. b4 a6 26. Rfb1 Kc7 27.
Ra2 e5 28. b5 axb5 29. axb5 exd4 30. bxc6 d3 31. Qb2 bxc6 32. Qb6+ Kd6 33. f4
Qh4 34. g3 Qxg3+ 35. Rg2 Qh4 36. Rxg7 d2 37. Qb4+ c5 38. Qb6+ Ke7 39. Rf1 d1=Q
40. Qc7+ R8d7 41. Qxd7+ Rxd7 0-1

[Event "IV Open I Like Elo"]
[Site "Roma ITA"]
[Date "2009.05.20"]
[Round "3"]
[White "Gatta, Flavio"]
[Black "Zacchia, Marco"]
[Result "1-0"]
[WhiteElo "1757"]
[BlackElo "1487"]
[PlyCount "83"]
[EventDate "2009.05.06"]

1. e4 d5 2. exd5 Nf6 3. d4 Nxd5 4. Nf3 Bg4 5. h3 Bh5 6. Be2 c6 7. O-O e6 8. c4
Nf6 9. Nc3 Be7 10. Be3 Nbd7 11. d5 exd5 12. cxd5 cxd5 13. Nxd5 O-O 14. Nxe7+
Qxe7 15. Re1 Rfd8 16. Qb3 b6 17. Bc4 Qf8 18. Bg5 h6 19. Bh4 g5 20. Bg3 g4 21.
hxg4 Nxg4 22. Rad1 Nc5 23. Qb5 Rxd1 24. Rxd1 Rd8 25. Re1 Bg6 26. Nh4 Qg7 27.
Qc6 Kh7 28. Nxg6 Qxg6 29. Qxg6+ Kxg6 30. f3 Nf6 31. Re7 Rd7 32. Bxf7+ Kg7 33.
Rxd7 Nfxd7 34. Bc4 a6 35. b4 b5 36. Bd5 Na4 37. Bc6 Ndb6 38. Bb7 Nc4 39. Bxa6
Nc3 40. a4 Ne2+ 41. Kf2 Nxg3 42. Kxg3 1-0

[Event "IV Open I Like Elo"]
[Site "Roma ITA"]
[Date "2009.05.20"]
[Round "3"]
[White "Mulas, Icaro"]
[Black "Roberti, Bruno"]
[Result "1-0"]
[WhiteElo "1815"]
[BlackElo "1969"]
[PlyCount "63"]
[EventDate "2009.05.06"]

1. e4 e5 2. Nf3 Nc6 3. Bb5 Nf6 4. O-O Nxe4 5. Re1 Nd6 6. Bxc6 dxc6 7. Rxe5+ Be7
8. Qe1 Be6 9. Nd4 O-O 10. Rxe6 fxe6 11. Nxe6 Qd7 12. Nxf8 Rxf8 13. d3 Nf5 14.
Nc3 Bc5 15. Ne4 Bb6 16. Bd2 Nd4 17. Rc1 Qg4 18. Kh1 Nf5 19. Qd1 Qg6 20. Qe2 Nd4
21. Qd1 Ne6 22. Qe1 Nf4 23. Bxf4 Rxf4 24. f3 h6 25. c3 Qf7 26. Qg3 Rf5 27. b3
Qd7 28. d4 c5 29. dxc5 Bxc5 30. Qg4 Be7 31. c4 Bb4 32. Nf6+ 1-0

[Event "IV Open I Like Elo"]
[Site "Roma ITA"]
[Date "2009.05.20"]
[Round "3"]
[White "Napoli, Nicolo'"]
[Black "Maggi, Fabrizio"]
[Result "1/2-1/2"]
[WhiteElo "2353"]
[BlackElo "2053"]
[PlyCount "153"]
[EventDate "2009.05.06"]

1. d4 f5 2. Nc3 d5 3. g4 Nf6 4. g5 Ne4 5. Nxe4 fxe4 6. c4 Nc6 7. Bg2 Be6 8. Nh3
Bf7 9. Nf4 e6 10. Be3 Bd6 11. h4 Qe7 12. Qa4 O-O-O 13. Rc1 Kb8 14. a3 e5 15.
cxd5 Nxd4 16. Bxe4 exf4 17. Bxd4 b6 18. Bf3 Bg6 19. Qc4 Rhe8 20. Qc3 Be4 21.
Kf1 Bxf3 22. exf3 Be5 23. Bxe5 Qxe5 24. Qxe5 Rxe5 25. Rc2 Rexd5 26. Kg2 h6 27.
gxh6 gxh6 28. Re1 Rg8+ 29. Kh3 Rd3 30. Re7 Rxf3+ 31. Kh2 c5 32. Rd2 c4 33. Rh7
Rd3 34. Re2 Rf3 35. Rxh6 Kb7 36. Rh7+ Ka6 37. Rc7 Rg4 38. Rxc4 Rxh4+ 39. Kg2
Rb3 40. Rec2 Rg4+ 41. Kf1 Rh4 42. Ke1 Rh1+ 43. Kd2 Rb1 44. Ra4+ Kb7 45. Rxf4
R1xb2 46. Rf7+ Ka6 47. Rxb2 Rxb2+ 48. Kc3 Re2 49. a4 Ra2 50. Kb4 Rb2+ 51. Ka3
Re2 52. Kb3 Re1 53. f3 Rb1+ 54. Ka2 Re1 55. Kb2 Re2+ 56. Kc3 Re1 57. Rd7 Rf1
58. Rd3 Ka5 59. Kb3 Rb1+ 60. Ka2 Rb4 61. Rd7 Rxa4+ 62. Kb3 Rb4+ 63. Kc3 a6 64.
Rd1 Rf4 65. Rf1 b5 66. Kd3 b4 67. Ke3 Rf8 68. f4 b3 69. Ra1+ Kb4 70. Rxa6 Rb8
71. Kd2 Rf8 72. Rb6+ Ka3 73. Kc3 Rc8+ 74. Kd4 b2 75. f5 Ka2 76. f6 Rf8 77. Ke5
1/2-1/2

[Event "IV Open I Like Elo"]
[Site "Roma ITA"]
[Date "2009.05.20"]
[Round "3"]
[White "Nassetti, Francesco"]
[Black "Vannelli, Vittorio"]
[Result "0-1"]
[WhiteElo "1843"]
[BlackElo "1847"]
[PlyCount "94"]
[EventDate "2009.05.06"]

1. c4 e5 2. Nc3 Nf6 3. d3 Bb4 4. Bg5 h6 5. Bxf6 Qxf6 6. e4 c6 7. Qc2 Na6 8.
O-O-O Nc7 9. Nge2 Ne6 10. g3 Qxf2 11. Rd2 Nd4 12. Nxd4 Qxd4 13. Bh3 d6 14. Bxc8
Rxc8 15. Rf1 O-O 16. Rdf2 d5 17. exd5 Bxc3 18. bxc3 Qe3+ 19. Qd2 Qxd2+ 20. Kxd2
cxd5 21. cxd5 Rc5 22. c4 b5 23. Kc3 bxc4 24. dxc4 f6 25. Kb4 Rfc8 26. Rc1 Kf8
27. Rc3 Ke7 28. Kb3 Kd6 29. g4 Rb8+ 30. Kc2 Rb4 31. Kd3 a5 32. a3 Rb1 33. Ke4
Rd1 34. Kf5 Rdxd5 35. Rfc2 Rd4 36. h3 Rc7 37. c5+ Kc6 38. Rb2 Kd5 39. Rb8 Rc4
40. Rd3+ Kxc5 41. Rbd8 Rf4+ 42. Kg6 Kc4 43. R8d5 Rd4 44. R3xd4+ exd4 45. Rxa5
d3 46. Ra8 d2 47. Rd8 Kc3 0-1